Systém riadenia rizík v komerčnej banke diplomová práca

Na minha lista:
Detalhes bibliográficos
Autor principal: Nemček, Martin
Autor Corporativo: Národohospodárska fakulta EU. Katedra bankovníctva a medzinárodných financií
Outros Autores: Vovk, Martin, 1976-
Formato: Livro
Idioma:eslovaco
Publicado em: Bratislava 2010
Tags: Adicionar Tag
Sem tags, seja o primeiro a adicionar uma tag!

MARC

LEADER 00000nam a2200000 4500
001 0119539
005 20240318123540.6
041 0 |a slo 
044 |a SK 
245 1 0 |a Systém riadenia rizík v komerčnej banke  |b diplomová práca  |c Martin Nemček ; škol. Martin Vovk 
264 1 |a Bratislava  |c 2010 
300 |a 70 s. 
100 1 |a Nemček, Martin 
700 1 |a Vovk, Martin, 1976- 
710 2 |a Národohospodárska fakulta EU. Katedra bankovníctva a medzinárodných financií